00754pam a2200253 a 4500001000800000005001700008008004100025010001700066020001500083040002300098041000800121060002100129080001000150082001800160100000600178101000800184245004000192246003000232504005100262906004500313942001200358999001700370952011300387399988720180115071105.0960814s1998 paua b 001 0 eng c a 96041440  a0721661521 aDNLM/DLCcDLCdDLC aeng10aWK 100 W721 1998 a616.400a616.4 WIL220 a3 aSHM00aWilliams textbook of endocrinology.30aTextbook of endocrinology aIncludes bibliographical references and index. a7bcbccorignewd1eocipf19gy-gencatlg 2ddccBK c40266d40266 00102udc40708PËKGa002b002cPËKGd2018-01-15l0o616.4 WILp002-2995438r2018-01-15w2018-01-15yBK